| 000 | 00834nam a22002297a 4500 | ||
|---|---|---|---|
| 999 |
_c11998 _d11998 |
||
| 003 | AR-CdUCM | ||
| 008 | 190405b ||||| |||| 00| 0 spa d | ||
| 040 |
_aMUNICIPALIDAD PROVINCIAL DEL CUSCO _cBIBLIOTECA MUNICIPAL DEL CUSCO |
||
| 082 |
_aEP / 498.51 / _bG96 |
||
| 100 |
_aGutierrez Zambrano, Elena _929647 |
||
| 245 |
_aKusinami felicidad patara N° 1 : _bQheswa simi yachay qallarinapaq cuaderno para el aprendizaje basico del quechua / |
||
| 260 |
_aCusco : _bDanny´s Graff, _c2007. |
||
| 300 |
_a83 paginas ; _bilustraciones, graficos, dibujos, _c30 cm. |
||
| 500 | _aCuaderno de aprendizaje quechua | ||
| 650 |
_aTexto educativo _925832 |
||
| 650 |
_aQuechua _92063 |
||
| 650 |
_aAprendizaje _92143 |
||
| 650 |
_aEstudio _94228 |
||
| 700 |
_aTapia Canales, Rosa _929648 |
||
| 942 |
_2ddc _cLIBROS |
||
| 945 |
_apjha _d2019-04-05 |
||